<?xml version="1.0" encoding="UTF-8"?>
<record
    xmlns:xsi="http://www.w3.org/2001/XMLSchema-instance"
    xsi:schemaLocation="http://www.loc.gov/MARC21/slim http://www.loc.gov/standards/marcxml/schema/MARC21slim.xsd"
    xmlns="http://www.loc.gov/MARC21/slim">

  <leader>02119nam a2200469 a 4500</leader>
  <controlfield tag="008">110629e2018    sp al. f |||| 001 0 spa d</controlfield>
  <datafield tag="020" ind1=" " ind2=" ">
    <subfield code="a">9788491132066</subfield>
  </datafield>
  <datafield tag="041" ind1=" " ind2=" ">
    <subfield code="a">spa</subfield>
  </datafield>
  <datafield tag="092" ind1=" " ind2=" ">
    <subfield code="c">575.1</subfield>
    <subfield code="l">85</subfield>
    <subfield code="s">TUR</subfield>
  </datafield>
  <datafield tag="100" ind1="1" ind2=" ">
    <subfield code="a">Turnpenny, Peter</subfield>
    <subfield code="9">36</subfield>
  </datafield>
  <datafield tag="245" ind1=" " ind2=" ">
    <subfield code="a">Emery. Elementos de Gen&#xE9;tica M&#xE9;dica /</subfield>
    <subfield code="c">Peter Turnpenny</subfield>
  </datafield>
  <datafield tag="250" ind1=" " ind2=" ">
    <subfield code="a">15a ed. en espa&#xF1;ol de la obra original en ingl&#xE9;s</subfield>
    <subfield code="b">Traducci&#xF3;n Elsevier Espa&#xF1;a</subfield>
  </datafield>
  <datafield tag="260" ind1=" " ind2=" ">
    <subfield code="a">Barcelona:</subfield>
    <subfield code="b">Elsevier;</subfield>
    <subfield code="c">2018.</subfield>
  </datafield>
  <datafield tag="300" ind1=" " ind2=" ">
    <subfield code="a">399 p.</subfield>
    <subfield code="b">il.</subfield>
  </datafield>
  <datafield tag="500" ind1=" " ind2=" ">
    <subfield code="a">Turnpenny, P. y Ellard, S. (2018). Emery. Elementos de gen&#xE9;tica m&#xE9;dica. (15a ed.). Barcelona : Elsevier.  </subfield>
  </datafield>
  <datafield tag="590" ind1=" " ind2=" ">
    <subfield code="a">Compra FACIMED, Diciembre,2011.</subfield>
  </datafield>
  <datafield tag="653" ind1=" " ind2=" ">
    <subfield code="a">Historia y repercusi&#xF3;n de la gen&#xE9;tica en la medicina</subfield>
  </datafield>
  <datafield tag="653" ind1=" " ind2=" ">
    <subfield code="a">Bases celulares y moleculares de la herencia</subfield>
  </datafield>
  <datafield tag="653" ind1=" " ind2=" ">
    <subfield code="a">Cromosomas y divisi&#xF3;n celular</subfield>
  </datafield>
  <datafield tag="653" ind1=" " ind2=" ">
    <subfield code="a">Determinaci&#xF3;n de la causa de los trastornos monog&#xE9;nicos mediante la identificaci&#xF3;n de los genes causantes de las enfermedades</subfield>
  </datafield>
  <datafield tag="653" ind1=" " ind2=" ">
    <subfield code="a">T&#xE9;cnicas de laboratorio para el diagn&#xF3;stico de las enfermedades monog&#xE9;nicas</subfield>
  </datafield>
  <datafield tag="653" ind1=" " ind2=" ">
    <subfield code="a">Patrones de herencia</subfield>
  </datafield>
  <datafield tag="653" ind1=" " ind2=" ">
    <subfield code="a">Gen&#xE9;tica de poblaciones y matem&#xE1;tica</subfield>
  </datafield>
  <datafield tag="653" ind1=" " ind2=" ">
    <subfield code="a">C&#xE1;lculo de riesgos</subfield>
  </datafield>
  <datafield tag="653" ind1=" " ind2=" ">
    <subfield code="a">Gen&#xE9;tica del desarrollo</subfield>
  </datafield>
  <datafield tag="653" ind1=" " ind2=" ">
    <subfield code="a">Enfermedades frecuentes, gen&#xE9;tica polig&#xE9;nica y multifuncional</subfield>
  </datafield>
  <datafield tag="653" ind1=" " ind2=" ">
    <subfield code="a">Cribado de las enfermedades gen&#xE9;ticas</subfield>
  </datafield>
  <datafield tag="653" ind1=" " ind2=" ">
    <subfield code="a">Hemoglobina y hemoglobinopat&#xED;as</subfield>
  </datafield>
  <datafield tag="653" ind1=" " ind2=" ">
    <subfield code="a">Inmunogen&#xE9;tica</subfield>
  </datafield>
  <datafield tag="653" ind1=" " ind2=" ">
    <subfield code="a">Gen&#xE9;tica del c&#xE1;ncer y c&#xE1;ncer gen&#xE9;tico</subfield>
  </datafield>
  <datafield tag="653" ind1=" " ind2=" ">
    <subfield code="a">Farmacogen&#xE9;tica, medicina personalizada y tratamiento de las enfermedades</subfield>
  </datafield>
  <datafield tag="653" ind1=" " ind2=" ">
    <subfield code="a">Anomal&#xED;as cong&#xE9;ticas, s&#xED;ndromes dism&#xF3;rficos y dificultades de aprendizaje</subfield>
  </datafield>
  <datafield tag="653" ind1=" " ind2=" ">
    <subfield code="a">Trastornos cromos&#xF3;micos</subfield>
  </datafield>
  <datafield tag="653" ind1=" " ind2=" ">
    <subfield code="a">Metabolopat&#xED;as cong&#xE9;nitas</subfield>
  </datafield>
  <datafield tag="653" ind1=" " ind2=" ">
    <subfield code="a">Principales trastornos monog&#xE9;nicos</subfield>
  </datafield>
  <datafield tag="653" ind1=" " ind2=" ">
    <subfield code="a">Pruebas prenatales y gen&#xE9;tica de la reproducci&#xF3;n</subfield>
  </datafield>
  <datafield tag="653" ind1=" " ind2=" ">
    <subfield code="a">Asesoramiento gen&#xE9;tico</subfield>
  </datafield>
  <datafield tag="653" ind1=" " ind2=" ">
    <subfield code="a">Aspectos &#xE9;ticos y legales en gen&#xE9;tica m&#xE9;dica</subfield>
  </datafield>
  <datafield tag="653" ind1=" " ind2=" ">
    <subfield code="a">Ap&#xE9;ndice: p&#xE1;ginas web y bases de datos cl&#xED;nicas</subfield>
  </datafield>
  <datafield tag="700" ind1="1" ind2=" ">
    <subfield code="a">Ellard, Sian</subfield>
    <subfield code="9">37</subfield>
  </datafield>
  <datafield tag="942" ind1=" " ind2=" ">
    <subfield code="2">ddc</subfield>
    <subfield code="c">BK</subfield>
  </datafield>
  <datafield tag="999" ind1=" " ind2=" ">
    <subfield code="c">3019</subfield>
    <subfield code="d">3019</subfield>
  </datafield>
  <datafield tag="952" ind1=" " ind2=" ">
    <subfield code="0">0</subfield>
    <subfield code="1">0</subfield>
    <subfield code="2">ddc</subfield>
    <subfield code="4">0</subfield>
    <subfield code="7">0</subfield>
    <subfield code="a">BFM</subfield>
    <subfield code="b">BFM</subfield>
    <subfield code="c">CR</subfield>
    <subfield code="d">2019-08-02</subfield>
    <subfield code="e">Compra UNComa, Julio 2019</subfield>
    <subfield code="g">2775.00</subfield>
    <subfield code="l">3</subfield>
    <subfield code="o">575.1 85 TUR</subfield>
    <subfield code="p">4451</subfield>
    <subfield code="r">2022-10-31</subfield>
    <subfield code="s">2022-10-24</subfield>
    <subfield code="t">Ej.4</subfield>
    <subfield code="w">2019-08-02</subfield>
    <subfield code="y">BK</subfield>
    <subfield code="z">Compra UNComa, Julio 2019</subfield>
  </datafield>
  <datafield tag="952" ind1=" " ind2=" ">
    <subfield code="0">0</subfield>
    <subfield code="1">0</subfield>
    <subfield code="2">ddc</subfield>
    <subfield code="4">0</subfield>
    <subfield code="7">0</subfield>
    <subfield code="a">BFM</subfield>
    <subfield code="b">BFM</subfield>
    <subfield code="c">CR</subfield>
    <subfield code="d">2019-08-02</subfield>
    <subfield code="e">Compra UNComa, Julio 2019</subfield>
    <subfield code="g">2775.00</subfield>
    <subfield code="l">2</subfield>
    <subfield code="o">575.1 85 TUR</subfield>
    <subfield code="p">4452</subfield>
    <subfield code="r">2022-10-27</subfield>
    <subfield code="s">2022-10-19</subfield>
    <subfield code="t">Ej.5</subfield>
    <subfield code="w">2019-08-02</subfield>
    <subfield code="y">BK</subfield>
    <subfield code="z">Compra UNComa, Julio 2019</subfield>
  </datafield>
  <datafield tag="952" ind1=" " ind2=" ">
    <subfield code="0">0</subfield>
    <subfield code="1">0</subfield>
    <subfield code="2">ddc</subfield>
    <subfield code="4">0</subfield>
    <subfield code="7">0</subfield>
    <subfield code="a">BFM</subfield>
    <subfield code="b">BFM</subfield>
    <subfield code="c">CR</subfield>
    <subfield code="d">2019-08-02</subfield>
    <subfield code="e">Compra UNComa, Julio 2019</subfield>
    <subfield code="g">2775.00</subfield>
    <subfield code="l">0</subfield>
    <subfield code="o">575.1 85 TUR</subfield>
    <subfield code="p">4453</subfield>
    <subfield code="r">2019-08-02</subfield>
    <subfield code="t">Ej.6</subfield>
    <subfield code="w">2019-08-02</subfield>
    <subfield code="y">BK</subfield>
    <subfield code="z">Compra UNComa, Julio 2019</subfield>
  </datafield>
  <datafield tag="952" ind1=" " ind2=" ">
    <subfield code="0">0</subfield>
    <subfield code="1">0</subfield>
    <subfield code="2">ddc</subfield>
    <subfield code="4">0</subfield>
    <subfield code="7">0</subfield>
    <subfield code="a">BFM</subfield>
    <subfield code="b">BFM</subfield>
    <subfield code="c">CR</subfield>
    <subfield code="d">2019-08-02</subfield>
    <subfield code="e">Compra UNComa, Julio 2019</subfield>
    <subfield code="g">2775.00</subfield>
    <subfield code="l">1</subfield>
    <subfield code="o">575.1 85 TUR</subfield>
    <subfield code="p">4454</subfield>
    <subfield code="r">2022-10-27</subfield>
    <subfield code="s">2022-10-20</subfield>
    <subfield code="t">Ej.7</subfield>
    <subfield code="w">2019-08-02</subfield>
    <subfield code="y">BK</subfield>
    <subfield code="z">Compra UNComa, Julio 2019</subfield>
  </datafield>
  <datafield tag="952" ind1=" " ind2=" ">
    <subfield code="0">0</subfield>
    <subfield code="1">0</subfield>
    <subfield code="2">ddc</subfield>
    <subfield code="4">0</subfield>
    <subfield code="7">0</subfield>
    <subfield code="a">BFM</subfield>
    <subfield code="b">BFM</subfield>
    <subfield code="c">CR</subfield>
    <subfield code="d">2019-08-02</subfield>
    <subfield code="e">Compra UNComa, Julio 2019</subfield>
    <subfield code="g">2775.00</subfield>
    <subfield code="l">0</subfield>
    <subfield code="o">575.1 85 TUR</subfield>
    <subfield code="p">4455</subfield>
    <subfield code="r">2019-08-02</subfield>
    <subfield code="t">Ej.8</subfield>
    <subfield code="w">2019-08-02</subfield>
    <subfield code="y">BK</subfield>
    <subfield code="z">Compra UNComa, Julio 2019</subfield>
  </datafield>
  <datafield tag="952" ind1=" " ind2=" ">
    <subfield code="0">0</subfield>
    <subfield code="1">0</subfield>
    <subfield code="2">ddc</subfield>
    <subfield code="4">0</subfield>
    <subfield code="7">0</subfield>
    <subfield code="a">BFM</subfield>
    <subfield code="b">BFM</subfield>
    <subfield code="c">CR</subfield>
    <subfield code="d">2019-08-02</subfield>
    <subfield code="e">Compra UNComa, Julio 2019</subfield>
    <subfield code="g">2775.00</subfield>
    <subfield code="l">12</subfield>
    <subfield code="m">1</subfield>
    <subfield code="o">575.1 85 TUR</subfield>
    <subfield code="p">4456</subfield>
    <subfield code="r">2024-10-09</subfield>
    <subfield code="s">2024-10-04</subfield>
    <subfield code="t">Ej.9</subfield>
    <subfield code="w">2019-08-02</subfield>
    <subfield code="y">BK</subfield>
    <subfield code="z">Compra UNComa, Julio 2019</subfield>
  </datafield>
  <datafield tag="952" ind1=" " ind2=" ">
    <subfield code="0">0</subfield>
    <subfield code="1">0</subfield>
    <subfield code="2">ddc</subfield>
    <subfield code="4">0</subfield>
    <subfield code="7">0</subfield>
    <subfield code="a">BFM</subfield>
    <subfield code="b">BFM</subfield>
    <subfield code="c">CR</subfield>
    <subfield code="d">2019-08-02</subfield>
    <subfield code="e">Compra UNComa, Julio 2019</subfield>
    <subfield code="g">2775.00</subfield>
    <subfield code="l">4</subfield>
    <subfield code="o">575.1 85 TUR</subfield>
    <subfield code="p">4457</subfield>
    <subfield code="r">2022-11-11</subfield>
    <subfield code="s">2022-11-04</subfield>
    <subfield code="t">Ej.10</subfield>
    <subfield code="w">2019-08-02</subfield>
    <subfield code="y">BK</subfield>
    <subfield code="z">Compra UNComa, Julio 2019</subfield>
  </datafield>
  <datafield tag="952" ind1=" " ind2=" ">
    <subfield code="0">0</subfield>
    <subfield code="1">0</subfield>
    <subfield code="2">ddc</subfield>
    <subfield code="4">0</subfield>
    <subfield code="7">0</subfield>
    <subfield code="a">BFM</subfield>
    <subfield code="b">BFM</subfield>
    <subfield code="c">CR</subfield>
    <subfield code="d">2019-08-02</subfield>
    <subfield code="e">Compra UNComa, Julio 2019</subfield>
    <subfield code="g">2775.00</subfield>
    <subfield code="l">4</subfield>
    <subfield code="m">1</subfield>
    <subfield code="o">575.1 85 TUR</subfield>
    <subfield code="p">4458</subfield>
    <subfield code="r">2022-10-25</subfield>
    <subfield code="s">2022-10-18</subfield>
    <subfield code="t">Ej.11</subfield>
    <subfield code="w">2019-08-02</subfield>
    <subfield code="y">BK</subfield>
    <subfield code="z">Compra UNComa, Julio 2019</subfield>
  </datafield>
  <datafield tag="952" ind1=" " ind2=" ">
    <subfield code="0">0</subfield>
    <subfield code="1">0</subfield>
    <subfield code="2">ddc</subfield>
    <subfield code="4">0</subfield>
    <subfield code="7">0</subfield>
    <subfield code="a">BFM</subfield>
    <subfield code="b">BFM</subfield>
    <subfield code="c">CR</subfield>
    <subfield code="d">2019-08-02</subfield>
    <subfield code="e">Compra UNComa, Julio 2019</subfield>
    <subfield code="g">2775.00</subfield>
    <subfield code="l">0</subfield>
    <subfield code="o">575.1 85 TUR</subfield>
    <subfield code="p">4459</subfield>
    <subfield code="r">2019-08-02</subfield>
    <subfield code="t">Ej.12</subfield>
    <subfield code="w">2019-08-02</subfield>
    <subfield code="y">BK</subfield>
    <subfield code="z">Compra UNComa, Julio 2019</subfield>
  </datafield>
  <datafield tag="952" ind1=" " ind2=" ">
    <subfield code="0">0</subfield>
    <subfield code="1">0</subfield>
    <subfield code="2">ddc</subfield>
    <subfield code="4">0</subfield>
    <subfield code="7">0</subfield>
    <subfield code="a">BFM</subfield>
    <subfield code="b">BFM</subfield>
    <subfield code="c">CR</subfield>
    <subfield code="d">2019-08-02</subfield>
    <subfield code="e">Compra UNComa, Julio 2019</subfield>
    <subfield code="g">2775.00</subfield>
    <subfield code="l">1</subfield>
    <subfield code="m">1</subfield>
    <subfield code="o">575.1 85 TUR</subfield>
    <subfield code="p">4460</subfield>
    <subfield code="r">2022-10-27</subfield>
    <subfield code="s">2022-10-19</subfield>
    <subfield code="t">Ej.13</subfield>
    <subfield code="w">2019-08-02</subfield>
    <subfield code="y">BK</subfield>
    <subfield code="z">Compra UNComa, Julio 2019</subfield>
  </datafield>
  <datafield tag="952" ind1=" " ind2=" ">
    <subfield code="0">0</subfield>
    <subfield code="1">0</subfield>
    <subfield code="2">ddc</subfield>
    <subfield code="4">0</subfield>
    <subfield code="7">0</subfield>
    <subfield code="a">BFM</subfield>
    <subfield code="b">BFM</subfield>
    <subfield code="c">CR</subfield>
    <subfield code="d">2022-02-18</subfield>
    <subfield code="e">Compra Facimed, Diciembre 2021</subfield>
    <subfield code="g">6293.25</subfield>
    <subfield code="l">2</subfield>
    <subfield code="o">575.1 85 TUR</subfield>
    <subfield code="p">4720</subfield>
    <subfield code="r">2022-10-20</subfield>
    <subfield code="s">2022-10-14</subfield>
    <subfield code="t">Ej. 14</subfield>
    <subfield code="w">2022-02-18</subfield>
    <subfield code="y">BK</subfield>
    <subfield code="z">Compra Facimed, Diciembre 2021</subfield>
    <subfield code="f"></subfield>
  </datafield>
  <datafield tag="952" ind1=" " ind2=" ">
    <subfield code="0">0</subfield>
    <subfield code="1">0</subfield>
    <subfield code="2">ddc</subfield>
    <subfield code="4">0</subfield>
    <subfield code="7">0</subfield>
    <subfield code="a">BFM</subfield>
    <subfield code="b">BFM</subfield>
    <subfield code="c">CR</subfield>
    <subfield code="d">2022-02-18</subfield>
    <subfield code="e">Compra Facimed, Diciembre 2021</subfield>
    <subfield code="g">6293.25</subfield>
    <subfield code="l">3</subfield>
    <subfield code="o">575.1 85 TUR</subfield>
    <subfield code="p">4721</subfield>
    <subfield code="r">2022-10-28</subfield>
    <subfield code="s">2022-10-21</subfield>
    <subfield code="t">Ej. 15</subfield>
    <subfield code="w">2022-02-18</subfield>
    <subfield code="y">BK</subfield>
    <subfield code="z">Compra Facimed, Diciembre 2021</subfield>
    <subfield code="f"></subfield>
  </datafield>
  <datafield tag="952" ind1=" " ind2=" ">
    <subfield code="0">0</subfield>
    <subfield code="1">0</subfield>
    <subfield code="2">ddc</subfield>
    <subfield code="4">0</subfield>
    <subfield code="7">0</subfield>
    <subfield code="a">BFM</subfield>
    <subfield code="b">BFM</subfield>
    <subfield code="c">CR</subfield>
    <subfield code="d">2022-02-18</subfield>
    <subfield code="e">Compra Facimed, Diciembre 2021</subfield>
    <subfield code="g">6293.25</subfield>
    <subfield code="l">9</subfield>
    <subfield code="m">1</subfield>
    <subfield code="o">575.1 85 TUR</subfield>
    <subfield code="p">4722</subfield>
    <subfield code="r">2025-10-29</subfield>
    <subfield code="s">2025-10-22</subfield>
    <subfield code="t">Ej. 16</subfield>
    <subfield code="w">2022-02-18</subfield>
    <subfield code="y">BK</subfield>
    <subfield code="z">Compra Facimed, Diciembre 2021</subfield>
    <subfield code="f"></subfield>
  </datafield>
  <datafield tag="952" ind1=" " ind2=" ">
    <subfield code="0">0</subfield>
    <subfield code="1">0</subfield>
    <subfield code="2">ddc</subfield>
    <subfield code="4">0</subfield>
    <subfield code="7">0</subfield>
    <subfield code="a">BFM</subfield>
    <subfield code="b">BFM</subfield>
    <subfield code="c">CR</subfield>
    <subfield code="d">2022-02-18</subfield>
    <subfield code="e">Compra Facimed, Diciembre 2021</subfield>
    <subfield code="g">6293.25</subfield>
    <subfield code="l">6</subfield>
    <subfield code="o">575.1 85 TUR</subfield>
    <subfield code="p">4723</subfield>
    <subfield code="r">2025-10-22</subfield>
    <subfield code="s">2025-10-08</subfield>
    <subfield code="t">Ej. 17</subfield>
    <subfield code="w">2022-02-18</subfield>
    <subfield code="y">BK</subfield>
    <subfield code="z">Compra Facimed, Diciembre 2021</subfield>
    <subfield code="f"></subfield>
  </datafield>
  <datafield tag="952" ind1=" " ind2=" ">
    <subfield code="0">0</subfield>
    <subfield code="1">0</subfield>
    <subfield code="2">ddc</subfield>
    <subfield code="4">0</subfield>
    <subfield code="7">0</subfield>
    <subfield code="a">BFM</subfield>
    <subfield code="b">BFM</subfield>
    <subfield code="c">CR</subfield>
    <subfield code="d">2022-02-18</subfield>
    <subfield code="e">Compra Facimed, Diciembre 2021</subfield>
    <subfield code="g">6293.25</subfield>
    <subfield code="l">5</subfield>
    <subfield code="o">575.1 85 TUR</subfield>
    <subfield code="p">4724</subfield>
    <subfield code="r">2025-10-27</subfield>
    <subfield code="s">2025-10-15</subfield>
    <subfield code="t">Ej. 18</subfield>
    <subfield code="w">2022-02-18</subfield>
    <subfield code="y">BK</subfield>
    <subfield code="z">Compra Facimed, Diciembre 2021</subfield>
    <subfield code="f"></subfield>
  </datafield>
</record>
